000 01456cam a22003494a 4500
001 15120371
003 OSt
005 20150408114150.0
008 071221s2007 enka b 001 0 eng
010 _a 2007282665
020 _a9790470095102 (HB)
020 _a9780470519233 (PB)
040 _aDLC
_cDLC
_dDLC
050 0 0 _aTK7872.D48
_bK37 2007
082 _222
_a004.678
_bKHP
100 1 _aKarl, Holger,
_d1970-
_939510
245 1 0 _aProtocols and architectures for wireless sensor networks /
_cHolger Karl, Andreas Willig.
250 _a2007 John Wiley & Sons Ltd. pbk. ed.
260 _aChichester, West Sussex, England ;
_aHoboken, NJ :
_bJohn Wiley & Sons,
_c2007.
300 _axxv, 497 p. :
_bill. ;
_c25 cm.
500 _a"Reprinted with corrections July 2007"--Verso t.p.
504 _aIncludes bibliographical references (p. [437]-480) and index.
650 0 _aSensor networks.
_936566
650 0 _aWireless LANs.
700 1 _aWillig, Andreas,
_d1968-
_939511
856 4 2 _3Contributor biographical information
_uhttp://www.loc.gov/catdir/enhancements/fy0806/2007282665-b.html
856 4 2 _3Publisher description
_uhttp://www.loc.gov/catdir/enhancements/fy0806/2007282665-d.html
856 4 1 _3Table of contents only
_uhttp://www.loc.gov/catdir/enhancements/fy0806/2007282665-t.html
906 _a7
_bcbc
_corigcop
_d2
_encip
_f20
_gy-gencatlg
942 _2ddc
_cBOOK
999 _c31954
_d266454